Responses for Show #3957 - Tuesday, November 13, 2001

2001 College Championship quarterfinal game 5.
From the campus at UCLA.

(Jimmy: [Austrian accent] I'm Jimmy of the Clue Crew. Flex your mental muscle. We're here to pump... [claps] you up... next on Jeopardy!)

Contestants

[<< previous game]

Brett Dvorak, a junior at Indiana University from Granger, Indiana

Mysti Kofford, a junior at Boston University from New Orleans, Louisiana

Thomas Zamora, a junior at the University of Southern California from Cypress, California

[next game >>]

Jeopardy! Round responses

YOU SEE "LA"
STATE CAPITALS OF THE WORLD
RELIGION
GUINNESS RECORDS
PATRIOTIC SONGS
20th CENTURY NOVELS
    $100 4
La Guardia

Mysti
    $100 15
Indiana

Mysti
    $100 2
Mormon

Brett
    $100 22
hang gliding

Mysti
    $100 13
"America The Beautiful"

Mysti
    $100 1
Catch-22

Brett
    $200 5
Lafayette

Thomas
    $200 18
Texas

Brett
    $200 3
the Koran

Mysti
    $200 23
an elevator

Brett
    $200 14
"The Star-Spangled Banner"

Brett
    $200 10
Marcel Proust

Triple Stumper
    $300 6
lacrosse

Brett
    $300 19
Florida

Brett
    $300 7
yarmulkes

Thomas
    $300 24
(Thomas: Who is Sean Connery?)
[Mysti and Brett laugh at Thomas's response.]
...
(Alex: Brett, you go again with a minute left.)

Paul Newman

Thomas
Triple Stumper
    $300 28
"God Bless America"

Triple Stumper
    $300 11
One Hundred Years of Solitude

Thomas
    $500 16
La Mancha

Mysti
    $400 20
Tennessee

Mysti
    $400 8
(Mysti: What is Hindu?)

Zen

ThomasMysti
    $400 26
Dave Thomas

Mysti
    $400 30
(Brett: What is "Proud To Be An American"?)

"God Bless The USA"

Brett
Triple Stumper
    $400 12
Christy

Mysti
    $500 17
a labyrinth

Thomas
    $500 21
(Mysti: What is California?)

Georgia

Mysti
Triple Stumper
    $500 9
Jonathan Edwards

Thomas
    $500 27
a bubble

Mysti
    $500 29
"My Country, 'Tis Of Thee"

Mysti
    $500 25
The Shipping News

Thomas

Scores at the first commercial break (after clue 15):

Thomas Mysti Brett
$1,700 $500 $700

Scores at the end of the Jeopardy! Round:

Thomas Mysti Brett
$2,400 $2,400 $1,000

Double Jeopardy! Round responses

YOU SEE L.A.
GREEK LETTERS
HODGEPODGE
SWEET NOVEMBER
DAVID E. KELLEY TV
TALK LIKE A SAILOR
    $200 8
Sunset Boulevard

Mysti
    $200 19
Alexander the Great

Brett
    $200 16
VH1

Mysti
    $200 1
Mark Twain

Triple Stumper
    $200 4
Ally McBeal

Mysti
    $200 26
keel

Thomas
    $400 10
Muscle Beach

Brett
    $400 20
a satyr

Thomas
    $400 17
ivory

Brett
    $400 2
Guy Fawkes

Brett
    $400 5
The Practice

Mysti
    $400 27
the hatches

Thomas
    $600 11
Beverly Hills

Brett
    $600 21
(Aristotle: Who is Aristotle?)

Socrates

ThomasBrett
    $600 18
Rutgers

Mysti
    $600 3
Magellan

Thomas
    $600 6
Boston Public

Thomas
    $600 28
the wind

Mysti
    $1,100 12
Malibu

Brett
    $800 22
(Thomas: Who is Sophocles?)
...
(Alex: You picked the wrong one, Thomas. It was [*]. Oh, I know.)

Euripides

Thomas
Triple Stumper
    $800 24
Little Bighorn

Thomas
    $1,000 14
King Hussein of Jordan

Thomas
    $800 7
Chicago Hope

Brett
    $800 30
the boom

Mysti
    $1000 13
(Brett: What is the Rose Bowl?)

the Coliseum

ThomasBrett
    $1000 23
(Brett: Who is Herodotus?)
...
(Alex: We have a minute to go, Thomas.)

Plutarch

Brett
Triple Stumper
    $1000 25
Charlemagne

Thomas
    $1000 15
the Articles of Confederation

Brett
    $1000 9
Picket Fences

Mysti
    $1000 29
a cannon

Mysti

Scores at the end of the Double Jeopardy! Round:

Thomas Mysti Brett
$8,200 $7,400 $3,300

Final Jeopardy! Round responses

FIRST LADIES
(Alex: Congratulations, Thomas. You are definitely a semifinalist. You'll be back. Now let's find out who the other semifinalists are.)
(Vinita: Vinita Kailasanath, Stanford University.)
(Marques: Marques Redd, Harvard University.)
(Sara: Sara Dean, Syracuse University.)
(Matt: Matt Schnippert, Florida State University.)
(Alex: And there are four wildcard spots for the high scorers among nonwinners. One of them is standing in front of me right now. Mysti Kofford with $7,600. Come on over, Mysti. Brett Dvorak is another one. He made it.)
[Cheers and applause]
(Alex: And there are two others. Let's see who they are.)
(Brittany: Brittany Rogers, Saddleback College.)
(Jayce: Jayce Newton, UCLA.)
(Alex: How about that? We saved him for the last.)
BrettWho are Barbara Bush + Abigail Adams?
$3,300
MystiWho are Abagail Abigail Adams + Barbara Bush?
$200
ThomasWho are Abigail Adams & Barbara Bush
$6,601
Abigail Adams & Barbara Bush

Final scores:

Thomas Mysti Brett
$14,801 $7,600 $6,600
Automatic semifinalist 2nd place: $2,500 if eliminated 3rd place: $2,500 if eliminated

Game dynamics:

Coryat scores:

Thomas Mysti Brett
$8,000 $7,300 $3,000
17 R
(including 1 DD),
2 W
20 R
(including 1 DD),
2 W
15 R
(including 1 DD),
4 W

Combined Coryat: $18,300

[game clues] [game scores] [suggest correction]

Game tape date: 2001-10-06
The J! Archive is created by fans, for fans. Scraping, republication, monetization, and malicious use prohibited; this site may use cookies and collect identifying information. See terms. The Jeopardy! game show and all elements thereof, including but not limited to copyright and trademark thereto, are the property of Jeopardy Productions, Inc. and are protected under law. This website is not affiliated with, sponsored by, or operated by Jeopardy Productions, Inc. Join the discussion at JBoard.tv.